Los tipos humanos

সংরক্ষণ করুন:
গ্রন্থ-পঞ্জীর বিবরন
প্রধান লেখক: Schreider, Eugenio (Author)
বিন্যাস: গ্রন্থ
ভাষা:স্প্যানিশ
প্রকাশিত: Ciudad de México Fondo de Cultura Económica 1937
বিষয়গুলি:
ট্যাগগুলো: ট্যাগ যুক্ত করুন
কোনো ট্যাগ নেই, প্রথমজন হিসাবে ট্যাগ করুন!

MARC

LEADER 00000nam a2200000 a 4500
001 UCY6467
003 CL-VaPUC
008 950526e19370000MX |||||||||||||||||spa|d
082 0 4 |a 155.264  |b SCH  |2 21 
100 0 |a Schreider, Eugenio  |e author  |9 336400 
245 1 4 |a Los tipos humanos 
300 |a 329 p 
942 |c BK 
945 |d 19950526 00:00:00  |a cmena 
260 |a Ciudad de México  |b Fondo de Cultura Económica  |c 1937 
650 0 |a Psicología   |9 257863 
650 0 |a Psicología individual  |9 309049 
650 0 |a Desarrollo individual   |9 307875 
650 0 |a Identidad   |9 336178 
650 0 |a Personalidad   |9 307255 
650 0 |a Psicoanálisis   |9 265702 
650 7 |a CARACTERIOLOGIA  |2 CL-VaPUC  |9 334613 
650 0 |a Comportamiento   |9 308406 
650 7 |a CARACTERISTICAS PSICOLOGICAS  |2 CL-VaPUC  |9 336177 
650 7 |a TIPOS PSICOLOGICOS  |2 CL-VaPUC  |9 311445 
583 |a last modification  |c 19950526 00:00:00  |k Rodrigo Vera 
999 |c 234032  |d 234030 
952 |0 0  |1 0  |4 0  |6 155_264000000000000_SCH_1937  |7 0  |8 P  |9 239967  |a BIBEDU  |b BIBEDU  |c BIBEDU_PB  |d 2019-11-18  |i 1510207  |o 155.264 SCH 1937  |p 1510207  |r 2024-01-25  |w 2019-11-18  |y BK  |k EDU